Netter's concise neuroanatomy / (Record no. 138988)

MARC details
000 -LEADER
fixed length control field 00941cam a22002657a 4500
008 - FIXED-LENGTH DATA ELEMENTS--GENERAL INFORMATION
fixed length control field
020 ## - INTERNATIONAL STANDARD BOOK NUMBER
International Standard Book Number 1933247223 (pbk.)
049 ## - LOCAL HOLDINGS (OCLC)
Holding library MAIN
090 ## - LOCALLY ASSIGNED LC-TYPE CALL NUMBER (OCLC); LOCAL CALL NUMBER (RLIN)
Classification number (OCLC) (R) ; Classification number, CALL (RLIN) (NR) QM451
Local cutter number (OCLC) ; Book number/undivided call number, CALL (RLIN) RUB
003 - CONTROL NUMBER IDENTIFIER
control field
005 - DATE AND TIME OF LATEST TRANSACTION
control field 20230123125305.0
040 ## - CATALOGING SOURCE
Transcribing agency NUST
100 1# - MAIN ENTRY--PERSONAL NAME
Personal name Rubin, Michael.
245 10 - TITLE STATEMENT
Title Netter's concise neuroanatomy /
Statement of responsibility, etc. Michael Rubin, Joseph E. Safdieh ; illustrations by Frank H. Netter ; contributing illustrators, John A. Craig, Carlos A.G. Machado, James A. Perkins.
260 ## - PUBLICATION, DISTRIBUTION, ETC.
Place of publication, distribution, etc. Philadelphia :
Name of publisher, distributor, etc. Saunders/Elsevier,
Date of publication, distribution, etc. c2007.
300 ## - PHYSICAL DESCRIPTION
Extent xv, 403 p. :
Other physical details ill. (chiefly col.) ;
Dimensions 23 cm.
500 ## - GENERAL NOTE
General note Includes index.
650 #0 - SUBJECT ADDED ENTRY--TOPICAL TERM
Topical term or geographic name entry element Neuroanatomy
Form subdivision Atlases.
650 12 - SUBJECT ADDED ENTRY--TOPICAL TERM
Topical term or geographic name entry element Nervous System
General subdivision anatomy & histology
Form subdivision Atlases.
650 22 - SUBJECT ADDED ENTRY--TOPICAL TERM
Topical term or geographic name entry element Nervous System Diseases
Form subdivision Atlases.
700 1# - ADDED ENTRY--PERSONAL NAME
Personal name Safdieh, Joseph E.
700 1# - ADDED ENTRY--PERSONAL NAME
Personal name Netter, Frank H.
907 ## - LOCAL DATA ELEMENT G, LDG (RLIN)
a .b1029787x
b 28-09-17
c 06-06-11
942 ## - ADDED ENTRY ELEMENTS (KOHA)
Koha item type Ordinary Loan Books
Call number prefix QM451
Call number suffix RUB
Holdings
Date last seen Total Checkouts Full call number Barcode Cost, replacement price Price effective from Koha item type Lost status Source of classification or shelving scheme Damaged status Not for loan Collection Withdrawn status Home library Current library Shelving location Date acquired Cost, normal purchase price
01/23/2023 4 QM451 RUB 92004022193 80.00 01/23/2023 BOOKS   LCC     NFIC   MAIN MAIN GEN 01/23/2023 80.00